Statistics for FIFA 21 - Best Player by Number

Click here to take the quiz!

General Stats

  • This quiz has been taken 189 times
  • The average score is 13 of 42

Answer Stats

#Answer% Correct
10Lionel Messi
97%
7Cristiano Ronaldo
96%
1Marc-André ter Stegen | Alisson
83%
9Robert Lewandowski
76%
4Virgil van Dijk
69%
66Trent Alexander-Arnold
64%
13Jan Oblak
59%
17Kevin de Bruyne
52%
11Mohamed Salah
48%
99Gianluigi Donnarumma
46%
8Toni Kroos
45%
3Fabinho | Giorgio Chiellini
41%
6Joshua Kimmich
41%
14Casemiro
35%
25Thomas Müller
35%
20Bernardo Silva
33%
18Bruno Fernandes
33%
2Daniel Carvajal
33%
21David Silva
31%
31Ederson
25%
5Sergio Busquets
25%
27Idrissa Gana Gueye | David Alaba | Alex Telles
24%
19Leonardo Bonucci
24%
29Kai Havertz
21%
26Kalidou Koulibaly
21%
24Lorenzo Insigne | Christian Eriksen
20%
16Rodri
20%
15Mats Hummels
17%
22Hakim Ziyech
13%
32Joël Matip
12%
28Axel Witsel | César Azpilicueta
11%
91Duván Zapata
10%
37Milan Škriniar
10%
12Alex Sandro
9%
72Josip Iličić
7%
77José Callejon | Marcelo Brozović
6%
34Donny van de Beek
5%
23Kieran Trippier
5%
44Radja Nainggolan | Kostas Manolas
5%
39Salvatore Sirigu
2%
33Francesco Acerbi
1%
30Steve Mandanda
1%

Score Distribution

Percentile by Number Answered

Percent of People with Each Score

Your Score History

You have not taken this quiz